Dôkaz chaptalizácia vína metódou nukleárnej magnetickej rezonancie : Obh. 7.6.1994 /

Guardado en:
Detalles Bibliográficos
Autor principal: Lešková, Zuzana (Autor)
Formato: Manuscrito Libro
Lenguaje:eslovaco
Publicado: Bratislava : STU v Bratislave ChtF, 1994
Etiquetas: Agregar Etiqueta
Sin Etiquetas, Sea el primero en etiquetar este registro!

MARC

LEADER 00000ntm a22000003a 4500
001 stu22604
005 20150617225751.1
008 940708s1994----cs------------------slo-d
040 |a STU  |b slo 
041 0 |a slo 
044 |a cs 
100 1 |a Lešková, Zuzana  |4 aut 
245 1 |a Dôkaz chaptalizácia vína metódou nukleárnej magnetickej rezonancie :  |b Obh. 7.6.1994 /  |c [aut.]Lešková,Zuzana 
260 |a Bratislava :  |b STU v Bratislave ChtF,  |c 1994 
300 |a 83 s :  |b Tab.,grafy,lit 
500 |a Špec.:Kvasná chémia a bioinžinierstvo 
996 |b CD11713  |c C*D11713  |l CCI  |s A  |a 24  |w stu22604_0001